Gaming Quiz

Random Gaming Quiz
Score 0/74 Timer 10:00
0 Plays Today
% Correct
Scout
93.5%
Valkyrie
93.5%
Behemoth
93.5%
Magmus
93.5%
Andromeda
90.3%
Nymphora
90.3%
Tempest
90.3%
Legionnaire
90.3%
Chronos
90.3%
Balphagore
90.3%
Night Hound
87.1%
Swiftblade
87.1%
Glacius
87.1%
Myrmidon
87.1%
Pyromancer
87.1%
Witch Slayer
87.1%
Pebbles
87.1%
The Dark Lady
87.1%
Slither
87.1%
Wretched Hag
87.1%
Engineer
83.9%
Moon Queen
83.9%
Empath
83.9%
Pollywog Priest
83.9%
Keeper of the Forest
83.9%
Pandamonium
83.9%
Rampage
83.9%
Arachna
83.9%
Flint Beastwood
83.9%
Plague Rider
83.9%
Accursed
83.9%
Deadwood
83.9%
War Beast
83.9%
Magebane
80.6%
Wildsoul
80.6%
Zephyr
80.6%
Bubbles
80.6%
% Correct
Ophelia
80.6%
Armadon
80.6%
Hammerstorm
80.6%
Blood Hunter
80.6%
Corrupted Disciple
80.6%
Fayde
80.6%
The Madman
80.6%
Demented Shaman
80.6%
Doctor Repulsor
80.6%
Hellbringer
80.6%
Torturer
80.6%
Moraxus
80.6%
Pharaoh
80.6%
Thunderbringer
77.4%
Jeraziah
77.4%
Predator
77.4%
Tundra
77.4%
Forsaken Archer
77.4%
Soulstealer
77.4%
Devourer
77.4%
Kraken
77.4%
Blacksmith
74.2%
Bombardier
74.2%
The Gladiator
74.2%
Soul Reaper
74.2%
Succubus
74.2%
Electrician
74.2%
The Chipper
71%
Puppet Master
71%
Voodoo Jester
71%
Vindicator
67.7%
Dampeer
67.7%
Sand Wraith
67.7%
Defiler
67.7%
Maliken
67.7%
Pestilence
64.5%
Gauntlet
58.1%
Come Together.
Have Fun.
All Virtual.
We all need to come together. Play Sporcle's virtual live trivia to have fun, connect with people, and get your trivia on. Join a live hosted trivia game for your favorite pub trivia experience done virtually. If a virtual private party is more your thing, go here for details.

You're not logged in!

Compare scores with friends on all Sporcle quizzes.
OR
Log In

Sporcle TV

Today on Sporcle TV


Watch our educational content, quiz creation guides, and fun videos on Sporcle TV.

Show Comments

Extras

Created Feb 8, 2011ReportNominate
Tags:Here, Newerth

Top Quizzes Today


Score Distribution

Paid Content

Your Account Isn't Verified!

In order to create a playlist on Sporcle, you need to verify the email address you used during registration. Go to your Sporcle Settings to finish the process.

Report this User

Report this user for behavior that violates our Community Guidelines.

Details: